Iron Maiden Songs - Sudden death - Statistics

General Stats
  • This quiz has been taken 193 times
  • The average score is 10 of 13
Answers on the Grid
Answers color-coded by a green-red scale on the quiz's grid according to % correct below.
Nothing Else Matters
Children of the Grave
Highway to Hell
Fear of the Dark
Fade to black
Wasted Years
Back in Black
Hallowed By Thy Name
The Trooper
Master of Puppets
Aces High
Thunderstruck
The Number of the Beast
Paranoid
2 Minutes to Midnight
Enter Sandman
Can I Play with Madness
Breaking the Law
Heaven Can Wait
Living After Midnight
Angel of Death
God is Dead?
Run to the hills
Blood Brothers
Flight of Icarus
Ride the Lightning
Tropper's Oath
Run for Cover
Painkiller
Rime of the Ancient Mariner
 
Answer Stats
Answer % Correct
The Trooper
95%
The Number of the Beast
92%
Fear of the Dark
91%
2 Minutes to Midnight
86%
Hallowed By Thy Name
86%
Aces High
83%
Can I Play with Madness
82%
Wasted Years
82%
Run to the hills
81%
Flight of Icarus
80%
Rime of the Ancient Mariner
71%
Heaven Can Wait
53%
Blood Brothers
52%
No matching quizzes found
Score Distribution
Percent of People with Each Score
Percentile by Number Answered
Your Score History
You have not taken this quiz